| 000 | 00821nam a22001937a 4500 | ||
|---|---|---|---|
| 999 |
_c13785 _d13785 |
||
| 003 | AR-CdUCM | ||
| 008 | 190416b ||||| |||| 00| 0 spa d | ||
| 040 |
_aMUNICIPALIDAD PROVINCIAL DEL CUSCO _cBIBLIOTECA MUNICIPAL DEL CUSCO |
||
| 041 | _heng | ||
| 082 |
_a636.084 / _bSI56 |
||
| 100 |
_aSimmons, N. O. _932343 |
||
| 245 | _aTecnología de la Fabricación de Piensos Compuestos / | ||
| 260 |
_aZaragoza-España : _bAcribia. |
||
| 300 |
_a410 páginas ; _c25cm |
||
| 505 | _aContenido: Principales materias primas utilizadas en la industria de la fabricación de piensos -- Entrada y manejo de materias primas -- Almacenamiento a granel de materias primas -- Entrada, almacenamiento y manejo de malezas... | ||
| 700 |
_aPino Salgado, Manuel (traducción) _932344 |
||
| 942 |
_2ddc _cLIBROS |
||
| 945 |
_anom _d2019-04-16 |
||